000 00298nam a22001337a 4500
003 SGT
020 _a9789354661310
082 _a615.7
_bGHA
100 _aGHANGAS JYOTI
245 _aBIOPHARMACEUTICS AND PHARMACOKINETICS
260 _aINDIA
_bCBS PUB
_c2026
300 _a156
942 _2ddc
_cBK
999 _c34477
_d34477